OECD economic outlook, Vol. 70-2001. (Record no. 137979)
[ view plain ]
| 000 -CABECERA | |
|---|---|
| campo de control de longitud fija | 00472nam a2200169 a 4500 |
| 005 - FECHA Y HORA DE LA ÚLTIMA TRANSACCIÓN | |
| campo de control | 20210219160446.0 |
| 008 - ELEMENTOS DE LONGITUD FIJA--INFORMACIÓN GENERAL | |
| campo de control de longitud fija | 081108s2000 mx r 000 0 spa d |
| 020 ## - NÚMERO INTERNACIONAL NORMALIZADO PARA LIBROS | |
| Número Internacional Estándar del Libro | 9264191011 |
| 035 ## - NÚMERO DE CONTROL DEL SISTEMA | |
| Número de control de sistema | UPN01000165867 |
| 049 ## - COLECCIÓN | |
| Colección | UNE |
| 080 ## - NÚMERO DE CLASIFICACIÓN DECIMAL UNIVERSAL | |
| Número de la Clasificación Decimal Universal | OC 338 (100) =20 "2001" OEC No.70. |
| 245 00 - MENCIÓN DE TÍTULO | |
| Título | OECD economic outlook, Vol. 70-2001. |
| 260 ## - PUBLICACIÓN, DISTRIBUCIÓN, ETC. | |
| Lugar de publicación, distribución, etc. | Paris: OECD, 2001. |
| 300 ## - DESCRIPCIÓN FÍSICA | |
| Extensión | xi, 265 p.; 28 cm. il., retrs., fot. |
| 690 ## - PUNTO DE ACCESO ADICIONAL DE MATERIA LOCAL--TÉRMINO DE MATERIA (OCLC, RLIN) | |
| Término de materia o nombre geográfico como elemento inicial | Condiciones económicas |
| 905 ## - TIPO DE MATERIAL | |
| Tipo de material | UNESCO |
No items available.
